12 YEARS A SLAVE (Record no. 216647)
[ view plain ]
| 000 -LEADER | |
|---|---|
| fixed length control field | 00428nam a22001697a 4500 |
| 008 - FIXED-LENGTH DATA ELEMENTS--GENERAL INFORMATION | |
| fixed length control field | 260225b |||||||| |||| 00| 0 eng d |
| 020 ## - INTERNATIONAL STANDARD BOOK NUMBER | |
| International Standard Book Number | 978- 0-00-758042-2- |
| 100 ## - MAIN ENTRY--PERSONAL NAME | |
| Personal name | NORTHUP , SOLOMON |
| 245 ## - TITLE STATEMENT | |
| Title | 12 YEARS A SLAVE |
| 260 ## - PUBLICATION, DISTRIBUTION, ETC. | |
| Place of publication, distribution, etc. | BRITAIN |
| Name of publisher, distributor, etc. | WILLIAM COCOLINS |
| Date of publication, distribution, etc. | 2014 |
| 300 ## - PHYSICAL DESCRIPTION | |
| Extent | APINDIX C |
| 500 ## - GENERAL NOTE | |
| General note | 278P |
| 650 ## - SUBJECT ADDED ENTRY | |
| Topical term or geographic name entry element | 12 YEARS A SLAVE |
| 700 ## - ADDED ENTRY--PERSONAL NAME | |
| Personal name | NORTHUP , SOLOMON |
| 942 ## - ADDED ENTRY ELEMENTS (KOHA) | |
| Source of classification or shelving scheme | Library of Congress Classification |
| Koha item type | Long Loan Book |
| Withdrawn status | Lost status | Source of classification or shelving scheme | Damaged status | Not for loan | Collection | Home library | Current library | Shelving location | Date acquired | Inventory number | Total checkouts | Full call number | Barcode | Date last seen | Copy number | Price effective from | Koha item type |
|---|---|---|---|---|---|---|---|---|---|---|---|---|---|---|---|---|---|
| Library of Congress Classification | Arts & Social Sciences | Kisii University Library | Kisii University Library | On Display | 02/25/2026 | 111492 | E 444 .N67 2014 | A000667 | 02/25/2026 | 1 | 02/25/2026 | Long Loan Book | |||||
| Library of Congress Classification | Arts & Social Sciences | Kisii University Library | Kisii University Library | On Display | 02/25/2026 | 111493 | E 444 .N67 2014 | A000666 | 02/25/2026 | 2 | 02/25/2026 | Long Loan Book | |||||
| Library of Congress Classification | Arts & Social Sciences | Kisii University Library | Kisii University Library | On Display | 02/25/2026 | 111494 | E 444 .N67 2014 | A000665 | 02/25/2026 | 3 | 02/25/2026 | Long Loan Book | |||||
| Library of Congress Classification | Arts & Social Sciences | Kisii University Library | Kisii University Library | On Display | 02/25/2026 | 111495 | E 444 .N67 2014 | A000699 | 02/25/2026 | 4 | 02/25/2026 | Long Loan Book | |||||
| Library of Congress Classification | Arts & Social Sciences | Kisii University Library | Kisii University Library | On Display | 02/25/2026 | 111496 | E 444 .N67 2012 | A000792 | 02/25/2026 | 5 | 02/25/2026 | Long Loan Book |